[Event "TCh-FRA Top 16 GpB 2022"]
[Site "Chartres FRA"]
[Date "2022.06.09"]
[Round "1.3"]
[Board "5"]
[White "Domenech, Vianney"]
[Black "Libiszewski, Fabien"]
[Result "0-1"]
[BlackTitle "GM"]
[WhiteElo "2266"]
[BlackElo "2519"]
[WhiteTeam "Echiquier Agenais"]
[BlackTeam "Clichy-Echecs-92"]
[WhiteFideId "656089"]
[BlackFideId "616834"]
[EventDate "2022.06.09"]

1. d4 g6 2. Nc3 d6 3. Bf4 Bg7 4. Nf3 Nd7 5. e4 a6 6. Bc4 e6 7. Qd2 b5 8. Bd3 Bb7
9. Bg5 Qb8 10. Ne2 h6 11. Be3 Ngf6 12. Ng3 c5 13. c3 Ng4 14. h4 Nxe3 15. fxe3 h5
16. O-O Bh6 17. Qf2 O-O 18. Ng5 Bxg5 19. hxg5 Qd8 20. Qf4 e5 21. Qh4 f6 22. Rf5
Rf7 23. Raf1 gxf5 24. g6 Rg7 25. exf5 exd4 26. Nxh5 Qe7 27. e4 c4 28. Rf3 cxd3
29. Rh3 Rxg6 30. fxg6 d2 31. Ng3 d1=Q+ 32. Kh2 Qg7 33. Nf5 Bxe4 34. Nxg7 Bxg6
35. Qh8+ Kf7 36. Qxa8 Kxg7 37. Qb7 Bf5 38. Rg3+ Kf7 39. Qd5+ Be6 40. Qxd6 Qh5+
41. Kg1 Qd1+ 42. Kh2 Ne5 43. Qc7+ Bd7 44. Rh3 Ng4+ 45. Kg3 Qe1+ 46. Kf4 Qd2+ 47.
Ke4 f5+ 48. Kd5 dxc3+ 49. Kc5 c2 50. Rh7+ Kg6 0-1

[Event "TCh-FRA Top 16 GpB 2022"]
[Site "Chartres FRA"]
[Date "2022.06.09"]
[Round "1.3"]
[Board "6"]
[White "Tregubov, Pavel V."]
[Black "Louis, Thibault"]
[Result "1-0"]
[WhiteTitle "GM"]
[BlackTitle "FM"]
[WhiteElo "2543"]
[BlackElo "2154"]
[WhiteTeam "Clichy-Echecs-92"]
[BlackTeam "Echiquier Agenais"]
[WhiteFideId "4115341"]
[BlackFideId "681369"]
[EventDate "2022.06.09"]

1. e4 e6 2. d4 d5 3. e5 c5 4. c3 Nc6 5. Nf3 Bd7 6. Be2 Nge7 7. O-O Ng6 8. Re1
Be7 9. Bd3 O-O 10. dxc5 Bxc5 11. b4 Bb6 12. b5 Nce7 13. a4 f6 14. exf6 gxf6 15.
c4 d4 16. Nbd2 e5 17. Ba3 Be6 18. g3 Qd7 19. Nb3 Bg4 20. Be2 h5 21. a5 Bd8 22.
Nfd2 Rf7 23. Ne4 b6 24. Bxg4 hxg4 25. Bxe7 Qxe7 26. axb6 f5 27. Rxa7 Rxa7 28.
bxa7 Qxa7 29. Nd6 Rf6 30. c5 Qd7 31. Nd2 Ba5 32. Qa4 Bc3 33. Rd1 e4 34. N2c4 Kh7
35. Qc2 Rxd6 36. Nxd6 Ne5 37. Qb3 e3 38. fxe3 Nf3+ 39. Kg2 dxe3 40. Qxc3 e2 41.
Ra1 Qe7 42. Kf2 1-0

[Event "TCh-FRA Top 16 GpB 2022"]
[Site "Chartres FRA"]
[Date "2022.06.09"]
[Round "1.3"]
[Board "7"]
[White "Roubert, Emile"]
[Black "Harutyunyan, Ruben"]
[Result "0-1"]
[BlackTitle "FM"]
[WhiteElo "2027"]
[BlackElo "2395"]
[WhiteTeam "Echiquier Agenais"]
[BlackTeam "Clichy-Echecs-92"]
[WhiteFideId "680311"]
[BlackFideId "26042410"]
[EventDate "2022.06.09"]

1. e4 c5 2. Nf3 d6 3. d4 cxd4 4. Nxd4 Nf6 5. Nc3 Nc6 6. Bg5 e6 7. Qd2 a6 8.
O-O-O Bd7 9. f4 b5 10. Bxf6 gxf6 11. Kb1 Qb6 12. Nxc6 Bxc6 13. Qe1 Ra7 14. f5 b4
15. Ne2 e5 16. Ng3 Qc5 17. Nh5 Be7 18. Bd3 a5 19. Qg3 a4 20. Qg7 Rf8 21. Nxf6+
Bxf6 22. Qxf6 Rd7 23. Rhe1 a3 24. Qg5 f6 25. Qc1 axb2 26. Qxb2 Ke7 27. Qb3 d5
28. Rc1 Ra8 29. Qb2 Rda7 30. Re2 Rxa2 31. Qxa2 Rxa2 32. Kxa2 dxe4 0-1

[Event "TCh-FRA Top 16 GpB 2022"]
[Site "Chartres FRA"]
[Date "2022.06.09"]
[Round "1.4"]
[Board "1"]
[White "Donchenko, Alexander"]
[Black "Esipenko, Andrey"]
[Result "1-0"]
[WhiteTitle "GM"]
[BlackTitle "GM"]
[WhiteElo "2602"]
[BlackElo "2705"]
[WhiteTeam "Vandoeuvre-Echecs"]
[BlackTeam "Asnieres - Le Grand Echiquier"]
[WhiteFideId "24603295"]
[BlackFideId "24175439"]
[EventDate "2022.06.09"]

1. d4 Nf6 2. c4 e6 3. Nc3 Bb4 4. e3 O-O 5. Bd2 d5 6. a3 Be7 7. Nf3 b6 8. cxd5
exd5 9. Bd3 c5 10. Ne5 Ba6 11. Bxa6 Nxa6 12. Nc6 Qe8 13. Nxe7+ Qxe7 14. O-O Rfd8
15. Ne2 Ne4 16. dxc5 bxc5 17. Ba5 Rd6 18. Ng3 Nxg3 19. hxg3 Rb8 20. b4 cxb4 21.
axb4 Nxb4 22. Rb1 Ra6 23. Qa4 Qd8 24. Qxb4 1-0

[Event "TCh-FRA Top 16 GpB 2022"]
[Site "Chartres FRA"]
[Date "2022.06.09"]
[Round "1.4"]
[Board "2"]
[White "Movsesian, Sergei"]
[Black "Solodovnichenko, Yuri"]
[Result "1/2-1/2"]
[WhiteTitle "GM"]
[BlackTitle "GM"]
[WhiteElo "2607"]
[BlackElo "2492"]
[WhiteTeam "Asnieres - Le Grand Echiquier"]
[BlackTeam "Vandoeuvre-Echecs"]
[WhiteFideId "310204"]
[BlackFideId "14104369"]
[EventDate "2022.06.09"]

1. e4 e5 2. Nf3 Nf6 3. Nxe5 d6 4. Nd3 Nxe4 5. Nf4 d5 6. d4 c6 7. Bd3 Bd6 8. O-O
O-O 9. c4 Qf6 10. cxd5 Bxf4 11. Bxe4 Bxc1 12. Qxc1 cxd5 13. Bxd5 Qxd4 14. Rd1
Qb6 15. Nc3 Bg4 16. Re1 Nd7 17. Re7 Rad8 18. h3 Bf5 19. g4 Be6 20. Bxe6 fxe6 21.
Qe1 Ne5 22. Qxe5 Qxf2+ 23. Kh1 Qf3+ 24. Kg1 Qf2+ 25. Kh1 Qf3+ 26. Kg1 Qf2+ 1/2-1/2

[Event "TCh-FRA Top 16 GpB 2022"]
[Site "Chartres FRA"]
[Date "2022.06.09"]
[Round "1.4"]
[Board "3"]
[White "Hamitevici, Vladimir"]
[Black "Moussard, Jules"]
[Result "0-1"]
[WhiteTitle "GM"]
[BlackTitle "GM"]
[WhiteElo "2482"]
[BlackElo "2668"]
[WhiteTeam "Vandoeuvre-Echecs"]
[BlackTeam "Asnieres - Le Grand Echiquier"]
[WhiteFideId "13902393"]
[BlackFideId "642908"]
[EventDate "2022.06.09"]

1. c4 e6 2. Nc3 d5 3. d4 Nf6 4. cxd5 exd5 5. Bg5 c6 6. e3 h6 7. Bh4 Be7 8. Qc2
O-O 9. Bd3 Re8 10. Nge2 a5 11. O-O Na6 12. a3 Nc7 13. Rae1 Ne6 14. f3 c5 15. Bb5
Bd7 16. Qa4 Nc7 17. Bxd7 Nxd7 18. Bg3 Nb6 19. Bxc7 Qxc7 20. Qb5 Bd6 21. Kf2 Re7
22. Rc1 Rae8 23. e4 dxe4 24. fxe4 Qc6 25. Qd3 Qd7 26. d5 f5 27. exf5 c4 28. Qd4
Qc7 29. Kf3 Bc5 30. Qf4 Re3+ 31. Kg4 Bd6 32. Qf2 h5+ 33. Kxh5 Qf7+ 34. Kg4 Nd7
35. g3 Nf6+ 36. Kh3 Qh5+ 37. Kg2 Rxe2 0-1

[Event "TCh-FRA Top 16 GpB 2022"]
[Site "Chartres FRA"]
[Date "2022.06.09"]
[Round "1.4"]
[Board "4"]
[White "Gozzoli, Yannick"]
[Black "Philippe, Christophe"]
[Result "1-0"]
[WhiteTitle "GM"]
[BlackTitle "IM"]
[WhiteElo "2594"]
[BlackElo "2383"]
[WhiteTeam "Asnieres - Le Grand Echiquier"]
[BlackTeam "Vandoeuvre-Echecs"]
[WhiteFideId "616915"]
[BlackFideId "610038"]
[EventDate "2022.06.09"]

1. d4 Nf6 2. c4 e6 3. Nf3 Bb4+ 4. Bd2 Qe7 5. g3 Nc6 6. Nc3 O-O 7. Bg2 d6 8. O-O
a5 9. Rc1 h6 10. a3 Bxc3 11. Bxc3 a4 12. d5 Nb8 13. Nd4 e5 14. Nb5 Ne8 15. Bb4
b6 16. Nc3 Bd7 17. c5 bxc5 18. Bxc5 f5 19. Be3 g5 20. Bd2 Nf6 21. Qc2 Kg7 22.
Nd1 Na6 23. Ne3 f4 24. Nf5+ Bxf5 25. Qxf5 Nc5 26. Qc2 Rf7 27. Rcd1 Raf8 28. Bc3
Qd7 29. Bxe5 dxe5 30. Qxc5 Rb8 31. Rd2 Rb6 32. Rfd1 Rd6 33. Qb4 h5 34. Rd3 Re7
35. e4 Rb6 36. Qd2 Ne8 37. gxf4 gxf4 38. Bh3 Rg6+ 39. Kh1 Qd8 40. Bf5 Rg5 41.
Rg3 Rxg3 42. fxg3 Nd6 43. gxf4 Nxf5 44. exf5 Qd6 45. Rg1+ Kf7 46. Qg2 Ke8 47.
Qg8+ Kd7 48. Rg7 Rxg7 49. Qxg7+ Kc8 50. Qxe5 Qc5 51. Qe8+ Kb7 52. Qc6+ Qxc6 53.
dxc6+ Kxc6 54. Kg2 Kd6 55. Kf3 Ke7 56. f6+ 1-0

[Event "TCh-FRA Top 16 GpB 2022"]
[Site "Chartres FRA"]
[Date "2022.06.09"]
[Round "1.4"]
[Board "5"]
[White "Savina, Anastasia"]
[Black "Cornette, Matthieu"]
[Result "1-0"]
[WhiteTitle "IM"]
[BlackTitle "GM"]
[WhiteElo "2358"]
[BlackElo "2563"]
[WhiteTeam "Vandoeuvre-Echecs"]
[BlackTeam "Asnieres - Le Grand Echiquier"]
[WhiteFideId "4196872"]
[BlackFideId "620084"]
[EventDate "2022.06.09"]

1. d4 Nf6 2. c4 g6 3. Nc3 Bg7 4. e4 d6 5. Be2 O-O 6. Nf3 Nbd7 7. O-O e5 8. Be3
Qe7 9. d5 Ng4 10. Bg5 f6 11. Bd2 Nh6 12. b4 Nf7 13. Nb5 Qd8 14. Rc1 f5 15. c5 a6
16. Nc3 dxc5 17. bxc5 Nxc5 18. exf5 gxf5 19. Be3 Nd7 20. Qc2 Nf6 21. Rfd1 Ng4
22. Bc5 Nd6 23. h3 Nh6 24. Ba3 Bd7 25. Na4 Bxa4 26. Qxa4 Nhf7 27. Rc2 Rc8 28.
Rdc1 Re8 29. Bc5 Bh6 30. Rd1 Qf6 31. Ba3 Red8 32. Bb2 Ne4 33. Qb3 b5 34. Rc6 Rd6
35. a4 bxa4 36. Qxa4 Rb8 37. Ba1 Bf8 38. Rxc7 Rdb6 39. Rc6 Bd6 40. Rxb6 Rxb6 41.
Rc1 Qh6 42. Qe8+ Kg7 43. Rd1 Qf4 44. g3 Nxg3 45. fxg3 Qxg3+ 46. Kh1 Qxh3+ 47.
Nh2 Rb3 48. Bh5 Qxh5 49. Rg1+ Qg6 50. Rxg6+ hxg6 51. Qa4 Rd3 52. Qxa6 Rxd5 53.
Nf3 g5 54. Kg2 Kf6 55. Bc3 g4 56. Nh4 Kg5 57. Qb7 Rd3 58. Qxf7 Rxc3 59. Qg6+ Kf4
60. Qxf5+ Ke3 61. Qg5+ Ke4 62. Qxg4+ Kd5 63. Qg8+ Kc6 64. Nf5 Bc7 65. Qa8+ Kb5
66. Qb7+ Ka4 67. Ne3 Ba5 68. Qe4+ Ka3 69. Nc4+ Kb4 70. Nd2+ Kb5 71. Qxe5+ Ka6
72. Ne4 Rc2+ 73. Kf3 Bb6 74. Qd5 1-0

[Event "TCh-FRA Top 16 GpB 2022"]
[Site "Chartres FRA"]
[Date "2022.06.09"]
[Round "1.4"]
[Board "6"]
[White "Pelletier, Yannick"]
[Black "Nezar, Mustapha"]
[Result "1-0"]
[WhiteTitle "GM"]
[BlackTitle "IM"]
[WhiteElo "2549"]
[BlackElo "2357"]
[WhiteTeam "Asnieres - Le Grand Echiquier"]
[BlackTeam "Vandoeuvre-Echecs"]
[WhiteFideId "1301837"]
[BlackFideId "608637"]
[EventDate "2022.06.09"]

1. Nf3 Nf6 2. c4 c6 3. b3 g6 4. Bb2 Bg7 5. g3 O-O 6. Bg2 d5 7. O-O b6 8. d4 Bb7
9. Nc3 e6 10. Qc2 Qe7 11. Rfd1 Nbd7 12. a4 Rfd8 13. a5 c5 14. a6 Bc6 15. Ne5
Nxe5 16. dxe5 Ng4 17. cxd5 exd5 18. Nxd5 Bxd5 19. Bxd5 Rab8 20. Ra4 Nxe5 21. Re4
Qc7 22. Bc3 Nc6 23. Bxg7 Kxg7 24. Bxc6 Qxc6 25. Re7 Qf6 26. Rxa7 Rxd1+ 27. Qxd1
Rd8 28. Qc1 Qe6 29. Qc3+ Kg8 30. Qc4 Qxc4 31. bxc4 Rd1+ 32. Kg2 Ra1 33. Kf3 Ra4
34. Ra8+ Kg7 35. a7 Kf6 36. e4 h5 37. e5+ Kg7 38. Ke3 h4 39. gxh4 Kh7 40. f4 Kg7
41. h5 gxh5 42. f5 h4 43. f6+ Kh7 44. e6 1-0

[Event "TCh-FRA Top 16 GpB 2022"]
[Site "Chartres FRA"]
[Date "2022.06.09"]
[Round "1.4"]
[Board "7"]
[White "Steil-Antoni, Fiona"]
[Black "Degraeve, Jean-Marc"]
[Result "1/2-1/2"]
[WhiteTitle "WIM"]
[BlackTitle "GM"]
[WhiteElo "2191"]
[BlackElo "2518"]
[WhiteTeam "Vandoeuvre-Echecs"]
[BlackTeam "Asnieres - Le Grand Echiquier"]
[WhiteFideId "4001249"]
[BlackFideId "600270"]
[EventDate "2022.06.09"]

1. e4 d6 2. d4 Nf6 3. Bd3 e5 4. c3 d5 5. dxe5 Nxe4 6. Nf3 Nc6 7. h3 Be7 8. O-O
O-O 9. Re1 Bf5 10. Nd4 Bg6 11. Nxc6 bxc6 12. Bxe4 Bxe4 13. Nd2 Bg6 14. Nb3 a5
15. Be3 Qb8 16. Qd2 a4 17. Bc5 axb3 18. Bxe7 Re8 19. Ba3 Rxa3 20. bxa3 b2 21.
Rab1 Bxb1 22. Rxb1 Rxe5 23. Rxb2 Qe8 24. Qf4 f6 25. a4 Qc8 26. a5 Re1+ 27. Kh2
Re4 28. Qc1 h5 29. Qb1 Kf7 30. Rb7 Qd7 31. a6 Qd6+ 32. Kg1 Qe5 33. a7 Re1+ 34.
Qxe1 Qxe1+ 35. Kh2 Qe5+ 36. Kg1 Qe1+ 37. Kh2 Qe5+ 1/2-1/2

[Event "TCh-FRA Top 16 GpB 2022"]
[Site "Chartres FRA"]
[Date "2022.06.09"]
[Round "1.4"]
[Board "8"]
[White "Guichard, Pauline"]
[Black "Adrian, Claude"]
[Result "1-0"]
[WhiteTitle "IM"]
[BlackTitle "IM"]
[WhiteElo "2377"]
[BlackElo "2173"]
[WhiteTeam "Asnieres - Le Grand Echiquier"]
[BlackTeam "Vandoeuvre-Echecs"]
[WhiteFideId "639370"]
[BlackFideId "601071"]
[EventDate "2022.06.09"]

1. d4 Nf6 2. c4 c5 3. d5 b5 4. cxb5 a6 5. bxa6 g6 6. Nc3 Bxa6 7. e4 Bxf1 8. Kxf1
d6 9. Nf3 Bg7 10. g3 O-O 11. Kg2 Nbd7 12. a4 Qb6 13. Re1 Qb7 14. Ra3 Ne8 15. Bg5
f6 16. Bd2 Nc7 17. Qc2 Rab8 18. Bc1 f5 19. exf5 Nxd5 20. Nxd5 Qxd5 21. fxg6 hxg6
22. Qxg6 Ne5 23. Qe4 Qxe4 24. Rxe4 Nxf3 25. Rxf3 Rxf3 26. Kxf3 Kf7 27. a5 Bxb2
28. Bxb2 Rxb2 29. Ra4 Ke6 30. a6 Rb8 31. a7 Ra8 32. h4 d5 33. h5 Kf5 34. g4+ Kg5
35. Ra6 e6 36. Rxe6 Rxa7 1-0

[Event "TCh-FRA Top 16 GpB 2022"]
[Site "Chartres FRA"]
[Date "2022.06.10"]
[Round "2.1"]
[Board "1"]
[White "Donchenko, Alexander"]
[Black "Kirk, Ezra"]
[Result "1-0"]
[WhiteTitle "GM"]
[BlackTitle "IM"]
[WhiteElo "2602"]
[BlackElo "2457"]
[WhiteTeam "Vandoeuvre-Echecs"]
[BlackTeam "Echiquier Agenais"]
[WhiteFideId "24603295"]
[BlackFideId "600067"]
[EventDate "2022.06.09"]

1. d4 Nf6 2. c4 e6 3. Nf3 d5 4. g3 dxc4 5. Bg2 a6 6. O-O Nc6 7. e3 Rb8 8. Nfd2
e5 9. Bxc6+ bxc6 10. dxe5 Ng4 11. Nxc4 Be6 12. Nbd2 h5 13. f3 Rb4 14. fxg4 Bxc4
15. Nxc4 Qxd1 16. Rxd1 Rxc4 17. Bd2 Rxg4 18. Ba5 Be7 19. Bxc7 Rh6 20. Kg2 h4 21.
Rd4 Rg5 22. g4 c5 23. Re4 Rc6 24. Ba5 Re6 25. Kf3 Rgxe5 26. Rxe5 Rxe5 27. e4 Re6
28. Bc3 Bf6 29. Rc1 Bxc3 30. Rxc3 Re5 31. Rb3 c4 32. Rc3 Rb5 33. Rc2 Kd7 34. Ke3
Rb4 35. g5 Ke6 36. a3 Rb3+ 37. Kd4 c3 38. bxc3 Rxa3 39. Rb2 Ra1 40. Rb6+ Ke7 41.
g6 fxg6 42. Rxg6 Kf7 43. Rg4 a5 44. Rxh4 a4 45. Rh8 a3 46. Ra8 a2 47. Kc4 Ke6
48. Kb3 Re1 49. Rxa2 Rxe4 50. Rd2 g5 51. c4 Kf5 52. Kb4 Kf4 53. Kb5 Ke3 54. Rg2
Re5+ 55. c5 Kd4 56. Kb6 Kd5 1-0

[Event "TCh-FRA Top 16 GpB 2022"]
[Site "Chartres FRA"]
[Date "2022.06.10"]
[Round "2.1"]
[Board "2"]
[White "Favarel, Julien"]
[Black "Brunner, Nicolas"]
[Result "1/2-1/2"]
[WhiteTitle "FM"]
[BlackTitle "IM"]
[WhiteElo "2312"]
[BlackElo "2457"]
[WhiteTeam "Echiquier Agenais"]
[BlackTeam "Vandoeuvre-Echecs"]
[WhiteFideId "633453"]
[BlackFideId "620246"]
[EventDate "2022.06.09"]

1. e4 c5 2. Nf3 d6 3. d4 cxd4 4. Qxd4 Nf6 5. Bb5+ Bd7 6. c4 g6 7. O-O Bg7 8. h3
O-O 9. Nc3 a6 10. Bxd7 Nbxd7 11. Qd3 Nc5 12. Qe2 b5 13. e5 dxe5 14. Nxe5 bxc4
15. Qxc4 Rc8 16. Rd1 Qc7 17. Nd3 Nxd3 18. Qxc7 Rxc7 19. Rxd3 Rfc8 20. Bf4 Rc4
21. Be3 e6 22. Rad1 Ne8 23. Rd7 Bxc3 24. bxc3 Rxc3 25. Ra7 R3c6 26. Rdd7 R8c7
27. Rd8 Rc8 28. Rxc8 Rxc8 29. Rxa6 Nf6 30. a4 Nd5 31. Bh6 Nb4 32. Rb6 Nd5 33.
Ra6 Nb4 34. Ra7 Nc6 35. Rb7 Ra8 36. Rc7 Na5 37. h4 e5 38. Rc5 Nb7 39. Rxe5 Nd6
40. Rd5 Nf5 41. Bg5 Rxa4 42. Bf6 Ra8 43. h5 Ng7 44. h6 Nf5 45. Bg5 f6 46. Bxf6
Nxh6 47. Rd7 Nf7 48. Rc7 Re8 49. f3 1/2-1/2

[Event "TCh-FRA Top 16 GpB 2022"]
[Site "Chartres FRA"]
[Date "2022.06.10"]
[Round "2.1"]
[Board "3"]
[White "Solodovnichenko, Yuri"]
[Black "Fantinel, Thibault"]
[Result "1/2-1/2"]
[WhiteTitle "GM"]
[BlackTitle "IM"]
[WhiteElo "2492"]
[BlackElo "2388"]
[WhiteTeam "Vandoeuvre-Echecs"]
[BlackTeam "Echiquier Agenais"]
[WhiteFideId "14104369"]
[BlackFideId "663395"]
[EventDate "2022.06.09"]

1. e4 c5 2. Nc3 Nc6 3. Nge2 e6 4. d4 cxd4 5. Nxd4 Nf6 6. Nxc6 bxc6 7. e5 Nd5 8.
Ne4 Qc7 9. f4 Qb6 10. c4 Bb4+ 11. Ke2 f5 12. exf6 Nxf6 13. Be3 Qd8 14. Nd6+ Bxd6
15. Qxd6 Bb7 16. Rd1 Rc8 17. Qc5 Qb6 18. b3 d5 19. Qxb6 axb6 20. Bxb6 c5 21. a4
Nd7 22. Ba5 dxc4 23. bxc4 Ra8 24. Bc3 Rxa4 25. Ke3 Nf6 26. Bxf6 gxf6 27. Rb1 Rb4
28. Bd3 Kd7 29. Rxb4 cxb4 30. Rb1 Bxg2 31. Rxb4 Bc6 32. c5 Ra8 33. Rd4+ Bd5 34.
f5 Kc6 35. fxe6 Kxc5 36. Rf4 Bxe6 37. Rxf6 Kd6 38. Rh6 Ke5 39. Rxh7 Ra3 40. Rh5+
Kf6 41. Rc5 Ra2 42. Be2 Ra3+ 43. Kf2 Ra2 44. Ke3 Ra3+ 45. Kf4 Rh3 46. Rc6 Ke7
47. Rxe6+ Kxe6 48. Bg4+ Kf6 49. Bxh3 1/2-1/2

[Event "TCh-FRA Top 16 GpB 2022"]
[Site "Chartres FRA"]
[Date "2022.06.10"]
[Round "2.1"]
[Board "4"]
[White "Ternault, Mathieu"]
[Black "Hamitevici, Vladimir"]
[Result "0-1"]
[WhiteTitle "FM"]
[BlackTitle "GM"]
[WhiteElo "2367"]
[BlackElo "2482"]
[WhiteTeam "Echiquier Agenais"]
[BlackTeam "Vandoeuvre-Echecs"]
[WhiteFideId "20641532"]
[BlackFideId "13902393"]
[EventDate "2022.06.09"]

1. d4 d5 2. Nf3 c6 3. g3 Nf6 4. Bg2 Bf5 5. Nbd2 h6 6. c4 e6 7. Ne5 Nbd7 8. Nxd7
Qxd7 9. Nf3 dxc4 10. Ne5 Bb4+ 11. Bd2 Qxd4 12. Bxb4 Qxe5 13. O-O Be4 14. f3 Nd5
15. Ba3 Ne3 16. Qd2 Nxf1 17. Rxf1 Bg6 18. Rd1 Qc7 19. Qc3 f6 20. Qxc4 Bf7 21.
Bd6 Qb6+ 22. Bc5 e5 23. Qc2 Qc7 24. Bd6 Qa5 25. f4 Rd8 26. fxe5 fxe5 27. b4 Qb6+
28. Kh1 Rxd6 29. Rxd6 O-O 30. Qd2 a5 31. a3 axb4 32. axb4 Ra8 33. Be4 Bc4 34.
Kg2 Rf8 35. Rg6 Qf2+ 36. Kh3 Bxe2 37. Qa2+ Kh8 0-1

[Event "TCh-FRA Top 16 GpB 2022"]
[Site "Chartres FRA"]
[Date "2022.06.10"]
[Round "2.1"]
[Board "5"]
[White "Nezar, Mustapha"]
[Black "Boukhris-Ferre, Yacine"]
[Result "1-0"]
[WhiteTitle "IM"]
[WhiteElo "2357"]
[BlackElo "2183"]
[WhiteTeam "Vandoeuvre-Echecs"]
[BlackTeam "Echiquier Agenais"]
[WhiteFideId "608637"]
[BlackFideId "697087"]
[EventDate "2022.06.09"]

1. e4 e5 2. Nf3 Nc6 3. Bc4 Nf6 4. Ng5 d5 5. exd5 b5 6. Bf1 Nd4 7. c3 Nxd5 8.
Nxf7 Kxf7 9. cxd4 exd4 10. Qf3+ Nf6 11. Bxb5 Be6 12. O-O Rb8 13. Ba4 Bd5 14. Qe2
Bd6 15. d3 Rb4 16. Bb3 Rxb3 17. axb3 Re8 18. Qd1 Qa8 19. f3 Qb8 20. Na3 Bxb3 21.
Qd2 c6 22. f4 Nd5 23. Nc4 Ne3 24. Nxd6+ Qxd6 25. Rxa7+ Kg8 26. Re1 Bd5 27. Qf2
Qc5 28. Rb7 Re6 29. f5 Re5 30. f6 Rf5 31. Qxf5 Nxf5 32. Re8+ Qf8 33. Rxf8+ Kxf8
34. fxg7+ 1-0

[Event "TCh-FRA Top 16 GpB 2022"]
[Site "Chartres FRA"]
[Date "2022.06.10"]
[Round "2.1"]
[Board "6"]
[White "Domenech, Vianney"]
[Black "Savina, Anastasia"]
[Result "1-0"]
[BlackTitle "IM"]
[WhiteElo "2266"]
[BlackElo "2358"]
[WhiteTeam "Echiquier Agenais"]
[BlackTeam "Vandoeuvre-Echecs"]
[WhiteFideId "656089"]
[BlackFideId "4196872"]
[EventDate "2022.06.09"]

1. d4 Nf6 2. Bg5 d5 3. Nd2 Nbd7 4. Ngf3 c5 5. e3 Qb6 6. a4 Ne4 7. dxc5 Qxb2 8.
Nxe4 dxe4 9. Nd2 Qc3 10. Rb1 a6 11. Bc4 Nxc5 12. O-O Bd7 13. f3 h6 14. Bh4 O-O-O
15. Bd5 Bc6 16. Nc4 Bxd5 17. Nb6+ Kb8 18. Bg3+ Ka7 19. Bc7 Qxe3+ 20. Kh1 exf3
21. Rxf3 Bxf3 22. Qxd8 Bxg2+ 23. Kxg2 Qe2+ 24. Kh3 Qh5+ 25. Kg2 Qe2+ 26. Kg1
Qe3+ 27. Kf1 Qf3+ 28. Ke1 Qe3+ 29. Kf1 Qf3+ 30. Ke1 Qe3+ 31. Kd1 Qg1+ 32. Ke2
Qg2+ 33. Ke3 Qe4+ 34. Kd2 Qg2+ 35. Kc1 Qg5+ 36. Kb2 Nxa4+ 37. Nxa4 Qb5+ 38. Kc3
Qc6+ 39. Kb2 Qb5+ 40. Kc3 Qc6+ 41. Kd2 Qg2+ 42. Ke3 Qh3+ 43. Bg3 Qe6+ 1-0

[Event "TCh-FRA Top 16 GpB 2022"]
[Site "Chartres FRA"]
[Date "2022.06.10"]
[Round "2.1"]
[Board "7"]
[White "Philippe, Christophe"]
[Black "Roubert, Emile"]
[Result "1-0"]
[WhiteTitle "IM"]
[WhiteElo "2383"]
[BlackElo "2027"]
[WhiteTeam "Vandoeuvre-Echecs"]
[BlackTeam "Echiquier Agenais"]
[WhiteFideId "610038"]
[BlackFideId "680311"]
[EventDate "2022.06.09"]

1. e4 e5 2. Nc3 Nf6 3. f4 d5 4. fxe5 Nxe4 5. Nf3 Bc5 6. Qe2 Bf2+ 7. Kd1 Nxc3+ 8.
dxc3 Bb6 9. Bg5 Qd7 10. Kd2 h6 11. Bh4 O-O 12. a4 Nc6 13. Rd1 Qg4 14. b3 Qf4+
15. Ke1 d4 16. Bg3 Qf5 17. cxd4 Nb4 18. c3 Nd5 19. Qd3 Qg4 20. Be2 Bf5 21. Qd2
Qe4 22. Kf2 c5 23. Bd3 Qxd3 24. Qxd3 Bxd3 25. Rxd3 cxd4 26. cxd4 Rac8 27. Re1
Rfd8 28. e6 fxe6 29. Rxe6 Nb4 30. Rd2 Nc6 31. Re4 Rd5 32. Ke2 Rcd8 33. Bf2 Kf7
34. Be3 Ba5 35. Rd1 b5 36. Rc1 Ne7 37. Ne5+ Kf6 38. Rf1+ 1-0

[Event "TCh-FRA Top 16 GpB 2022"]
[Site "Chartres FRA"]
[Date "2022.06.10"]
[Round "2.1"]
[Board "8"]
[White "Gennesseaux, Gabrielle"]
[Black "Steil-Antoni, Fiona"]
[Result "0-1"]
[BlackTitle "WIM"]
[WhiteElo "1794"]
[BlackElo "2191"]
[WhiteTeam "Echiquier Agenais"]
[BlackTeam "Vandoeuvre-Echecs"]
[WhiteFideId "20686684"]
[BlackFideId "4001249"]
[EventDate "2022.06.09"]

1. e4 c6 2. d4 g6 3. Nf3 Bg7 4. c3 d5 5. e5 Bg4 6. Be2 e6 7. O-O Ne7 8. Nbd2 O-O
9. h3 Bxf3 10. Nxf3 c5 11. Bg5 h6 12. Bh4 Nbc6 13. Qd2 Qb6 14. Bf6 cxd4 15. Bxg7
Kxg7 16. cxd4 Rac8 17. Rac1 Rc7 18. g4 Rfc8 19. Rc3 Na5 20. Rfc1 Nc4 21. Qc2 Rc6
22. b3 Na3 23. Qd2 Rxc3 24. Rxc3 Nb1 25. Qf4 Nxc3 26. Qf6+ Kf8 27. Bd3 Ne4 28.
Qf4 g5 29. Qe3 Qc7 30. Kg2 Qc1 31. Qe2 Nc3 0-1

[Event "TCh-FRA Top 16 GpB 2022"]
[Site "Chartres FRA"]
[Date "2022.06.10"]
[Round "2.2"]
[Board "1"]
[White "Gharamian, Tigran"]
[Black "Neiksans, Arturs"]
[Result "1/2-1/2"]
[WhiteTitle "GM"]
[BlackTitle "GM"]
[WhiteElo "2602"]
[BlackElo "2590"]
[WhiteTeam "Clichy-Echecs-92"]
[BlackTeam "Les Tours des Hauts de France - St Quentin"]
[WhiteFideId "13301527"]
[BlackFideId "11601388"]
[EventDate "2022.06.09"]

1. e4 c5 2. Nf3 e6 3. d4 cxd4 4. Nxd4 a6 5. c4 Nf6 6. Nc3 Qc7 7. Be2 Bb4 8. Qb3
Bc5 9. Be3 O-O 10. Rd1 d6 11. Bg5 Nc6 12. Bxf6 gxf6 13. Nxc6 Qxc6 14. O-O Kh8
15. Na4 Ba7 16. Qf3 f5 17. Nc3 e5 18. exf5 Qxf3 19. Bxf3 Bxf5 20. Rxd6 Bd4 21.
Rc1 Rac8 22. b3 b5 23. Bd5 Bd3 24. Nd1 a5 25. Ne3 a4 26. Rd1 axb3 27. axb3 bxc4
28. Bxc4 Bg6 29. g3 Ra8 30. Ra6 1/2-1/2

[Event "TCh-FRA Top 16 GpB 2022"]
[Site "Chartres FRA"]
[Date "2022.06.10"]
[Round "2.2"]
[Board "2"]
[White "Kulaots, Kaido"]
[Black "Van Foreest, Jorden"]
[Result "0-1"]
[WhiteTitle "GM"]
[BlackTitle "GM"]
[WhiteElo "2537"]
[BlackElo "2702"]
[WhiteTeam "Les Tours des Hauts de France - St Quentin"]
[BlackTeam "Clichy-Echecs-92"]
[WhiteFideId "4500261"]
[BlackFideId "1039784"]
[EventDate "2022.06.09"]

1. e4 e5 2. Nf3 Nc6 3. Bb5 a6 4. Ba4 d6 5. O-O Bd7 6. d4 Nf6 7. Bxc6 Bxc6 8. Re1
Be7 9. Nc3 exd4 10. Nxd4 Bd7 11. Qf3 O-O 12. h3 b5 13. Nf5 Bxf5 14. Qxf5 Re8 15.
Bd2 c6 16. Rad1 Qc7 17. Ne2 Bf8 18. Ng3 Re6 19. Qf3 Rae8 20. Bc3 d5 21. exd5
Nxd5 22. Rxe6 Rxe6 23. Bd2 g6 24. b3 Qb6 25. Qd3 Nb4 26. Bxb4 Bxb4 27. Ne4 Be7
28. c3 Qc7 29. Qd4 f5 30. Nd2 Bf6 31. Qd3 Rd6 32. Qc2 Qd7 33. Kf1 Rd3 34. c4 Qd6
35. cxb5 cxb5 36. a4 Qd5 37. axb5 axb5 38. Qa2 Bc3 39. Ke2 Bb4 40. f3 Qd4 0-1